Airports with Scheduled Flights Operated by Airbus A380 - Statistics

General Stats
  • This quiz has been taken 2,928 times
    2,536 since last reset
  • The average score is 38 of 54
Answer Stats
Continent Airport % Correct
Europe London Heathrow Airport
London, United Kingdom
97%
North America John F. Kennedy International Airport
New York City, United States
95%
Europe London Gatwick Airport
London, United Kingdom
95%
Oceania Sydney Airport
Sydney, Australia
95%
Europe Charles de Gaulle Airport
Paris, France
94%
North America Los Angeles International Airport
Los Angeles, United States
92%
Asia Dubai International Airport
Dubai, United Arab Emirates
91%
Asia Narita International Airport
Tokyo, Japan
91%
Asia Beijing Capital International Airport
Beijing, China
90%
Europe Frankfurt Airport
Frankfurt, Germany
90%
Europe Adolfo Suárez Madrid-Barajas Airport
Madrid, Spain
89%
Oceania Melbourne Airport
Melbourne, Australia
89%
Europe Leonardo da Vinci–Fiumicino Airport
Rome, Italy
87%
Oceania Perth Airport
Perth, Australia
87%
Asia Singapore Changi Airport
Singapore, Singapore
87%
Asia Shanghai Pudong International Airport
Shanghai, China
86%
Oceania Auckland International Airport
Auckland, New Zealand
83%
Europe Munich Airport
Munich, Germany
81%
Europe Domodedovo International Airport
Moscow, Russia
80%
Asia Hong Kong International Airport
Hong Kong, China
80%
Africa O. R. Tambo International Airport
Johannesburg, South Africa
80%
North America San Francisco International Airport
San Francisco, United States
80%
Europe Amsterdam Airport Schiphol
Amsterdam, Netherlands
79%
Europe Barcelona–El Prat Airport
Barcelona, Spain
79%
Asia Hamad International Airport
Doha, Qatar
78%
North America Miami International Airport
Miami, United States
78%
North America Dallas/Fort Worth International Airport
Dallas, United States
77%
Asia Indira Gandhi International Airport
New Delhi, India
77%
Asia Suvarnabhumi Airport
Bangkok, Thailand
77%
Oceania Brisbane Airport
Brisbane, Australia
76%
Asia Incheon International Airport
Seoul, South Korea
76%
Europe Milan–Malpensa Airport
Milan, Italy
76%
Asia Abu Dhabi International Airport
Abu Dhabi, United Arab Emirates
74%
Asia Chhatrapati Shivaji International Airport
Mumbai, India
73%
North America Toronto Pearson International Airport
Toronto, Canada
73%
North America George Bush Intercontinental Airport
Houston, United States
69%
Europe Manchester Airport
Manchester, United Kingdom
69%
North America Hartsfield-Jackson Atlanta International Airport
Atlanta, United States
67%
Asia Kuala Lumpur International Airport
Kuala Lumpur, Malaysia
67%
North America Washington Dulles International Airport
Washington, D.C., United States
66%
Europe Zurich Airport
Zurich, Switzerland
64%
Asia Kansai International Airport
Osaka, Japan
63%
Asia Guangzhou Baiyun International Airport
Guangzhou, China
60%
Europe Copenhagen Airport
Copenhagen, Denmark
59%
Asia Taiwan Taoyuan International Airport
Taipei, Taiwan
52%
Oceania Christchurch International Airport
Christchurch, New Zealand
46%
Europe Birmingham Airport
Birmingham, United Kingdom
42%
North America Mexico City International Airport
Mexico City, Mexico
41%
Europe Václav Havel Airport Prague
Prague, Czechia
40%
Europe Düsseldorf Airport
Düsseldorf, Germany
39%
Asia Kuwait International Airport
Kuwait City, Kuwait
28%
Africa Sir Seewoosagur Ramgoolam International Airport
Port Louis, Mauritius
17%
Africa Port Bouet Airport
Abidjan, Côte d'Ivoire
11%
Europe Vienna International Airport
Vienna, Austria
0%
No matching quizzes found
Score Distribution
Percent of People with Each Score
Percentile by Number Answered
Your Score History
You have not taken this quiz since the last reset